000 00486nam a22001697a 4500
005 20260408123844.0
008 260408b |||||||| |||| 00| 0 eng d
020 _a042-00037-7
082 _a352.0944
_bLAR-T
100 _aLarcombe.A.F
245 _aThe Advancement of Local Government in New South Wales 1906 to the Present
260 _aSydney
_bSydney University Press
_c1987
300 _a486P
500 _aGifted by Dr.Salman Hassan
650 _aGeneral book
942 _cBK
999 _c47260
_d47260